Pokémon - Les attaques de Kadabra - Statistiques

Statistiques générales
  • Ce quiz a été pris 19 fois
  • Le résultat moyen est 10 sur 14
Statistiques - réponses
Niveaux Types Noms des attaques % Correct
Départ Évolution Psy Choc Mental
100%
Niveau 35 Psy Psyko
100%
Départ Psy Téléport
100%
Niveau 30 Psy Choc Psy
92%
Départ Psy Télékinésie
92%
Niveau 5 Psy Rafale Psy
83%
Niveau 50 Psy Plénitude
75%
Niveau 45 Psy Prescience
67%
Niveau 20 Psy Coupe Psycho
58%
Niveau 25 Normal Soin
58%
Niveau 10 Psy Protection
50%
Départ Normal Entrave
42%
Niveau 40 Psy Imitation
42%
Niveau 15 Psy Interversion
33%
Aucun quiz correspondant
Distribution des résultats
% des personnes avec chaque résultat
Percentile par nombre de réponses
Votre historique - résultats
Vous n’avez pas pris ce quiz